Five Countries with the Tallest Building by Continent - Statistics

General Stats
  • This quiz has been taken 4,261 times
    3,168 since last reset
  • The average score is 24 of 30
Answer Stats
Height in meters (ft) Name County % Correct
North America 541.3 m (1,776 ft) One World Trade Center United States
96%
Asia 632 m (2,073 ft) Shanghai Tower China
95%
Europe 309.6 m (1,016 ft) The Shard United Kingdom
95%
North America 298 m (978 ft) First Canadian Place Canada
94%
North America 305.3 m (1,002 ft) T.Op 1 Mexico
94%
Europe 462.5 m (1,517 ft) Lakhta Center Russia
94%
Asia 828 m (2,717 ft) Burj Khalifa United Arab Emirates
94%
Oceania 323 m (1,060 ft) Q1 Australia
93%
South America 290 m (951 ft) One Tower Brazil
91%
Africa 385.5 m (1,265 ft) Iconic Tower Egypt
91%
Europe 258.7 m (849 ft) Commerzbank Tower Germany
91%
Oceania 180.1 m (591 ft) PWC Tower New Zealand
91%
Africa 234m (768 ft) The Leonardo South Africa
91%
South America 239 m (784 ft) Alvear Tower Argentina
88%
South America 300 m (980 ft) Gran Torre Santiago Chile
83%
South America 216 m (709 ft) BD Bacatá (South Tower) Colombia
83%
Asia 601 m (1,971 ft) Abraj Al-Bait Clock Tower Saudi Arabia
82%
Oceania 65 m (213 ft) Reserve Bank of Fiji Building Fiji
79%
South America 225 m (738 ft) Parque Central Complex (East Tower) Venezuela
74%
North America 293 m (961 ft) JW Marriott Panama Panama
73%
Oceania 100 m (328 ft) Noble Center Papua New Guinea
72%
Africa 250 m (820 ft) Mohammed VI Tower Morocco
71%
Asia 554.5 m (1,819 ft) Lotte World Tower South Korea
71%
Asia 678.9 m (2,227 ft) Merdeka 118 Malaysia
69%
Africa 200.1 m (656 ft) Britam Tower Kenya
59%
Europe 310 m (1,017 ft) Varso Poland
59%
Oceania 34 m (112 ft) Samoan Government Building Samoa
58%
Europe 284 m (932 ft) Skyland İstanbul 1 Turkey
57%
North America 171 m (561 ft) Torre Anacaona 27 Dominican Republic
54%
Africa 209.3 m (687 ft) Commercial Bank of .... Headquarters Ethiopia
51%
No matching quizzes found
Score Distribution
Percent of People with Each Score
Percentile by Number Answered
Your Score History
You have not taken this quiz since the last reset